Hommes politiques français du XXIe siècle - Statistiques

Statistiques générales
  • Ce quiz a été pris 148 fois
  • Le résultat moyen est 11 sur 16
Statistiques - réponses
Par images Réponse % Correct
François Bayrou
98%
Jean Castex
91%
Philippe Poutou
89%
Manuel Bompard
82%
Fabien Roussel
77%
Patrick Balkany
74%
Benoit Hamon
71%
Alain Juppé
68%
François Ruffin
68%
Gérard Larcher
68%
Bernard Cazeneuve
64%
Yannick Jadot
63%
Julien Odoul
56%
David Guiraud
53%
Dominique Strauss-Kahn
49%
Pap Ndiaye
44%
Aucun quiz correspondant
Distribution des résultats
% des personnes avec chaque résultat
Percentile par nombre de réponses
Votre historique - résultats
Vous n’avez pas pris ce quiz